| 000 | 01204nam a2200229Ia 4500 | ||
|---|---|---|---|
| 003 | Ost | ||
| 005 | 20260507075148.0 | ||
| 008 | 260507s9999||||xx |||||||||||||| ||und|| | ||
| 020 | _a20425599599 | ||
| 040 | _cfsecg | ||
| 041 | _aara | ||
| 082 | _a330 | ||
| 100 |
_aعلي زايد، اسماء موسى _eمؤلف |
||
| 245 | 0 |
_aالصلات التجارية بين بلاد المغرب الاقصى و السودان الغربي في عصر المرابطين / _c اسماء موسى علي زايد |
|
| 260 |
_aبنغازي: _bمنشورات جتمعة 7 اكتوبر, _c2008 |
||
| 300 |
_a270 صفحة؛ _bإيضاحات ؛ _c24 سم |
||
| 504 | _aمراجع ص.237 ؛ الملاحق ص.257 | ||
| 520 | _aتاريخ العلاقات العربية السودانية لدراسة دور التجارة في توثيق اواصل التمازج الحضاري بين بلاد المغرب الاقصى والسودان الغربي في عصر المرابطين و مدى مساهمتها في التقدم الحضاري | ||
| 653 | _aالتجارة- المغرب العربي | ||
| 653 | _aالعلاقات التجارية- بلدان المغرب العربي | ||
| 942 | _cكتاب | ||
| 999 |
_c43328 _d43328 |
||